00553nam a22001577a 4500020001500000082001600015100002100031245004700052260004800099300002300147500002000170650003700190942000700227999001700234952014400251 a8121908558 a621.381 TEW aTewari, K.K. Dr. aElectricity and magnetism with electronics aNew Delhi, IndiabS. Chand & Co. Ltd.c1987 axv, 745 p.bill. ; aIncludes index. a1. Electronics. 2. Electricity. cBK c12606d12606 001040708NFICaCLbCLcGENd2013-12-27eAllied Book Companyg566.80l2o621.381 TEWpSEECS013017r2023-10-12s2023-09-18w2014-01-11yBK